Química orgánica

Bibliographic Details
Main Author: Recio del Bosque,Francisco
Format: Section = Libro
Language:Undetermined
Spanish
Published: México McGraw-Hill 2013
Edition:4a.ed
Subjects:
LEADER 00474nam a2200193Ia 4500
008 240830s9999 xx 000 0 und d
020 |a 978-607-15-0849-2 
040 |a CEDOC FIQ-RUSB / 547 R294 
041 |a spa 
082 |a 547 R294 
100 1 |a Recio del Bosque,Francisco 
245 1 0 |a Química orgánica 
250 |a 4a.ed 
260 |a México  |b McGraw-Hill  |c 2013 
300 |a 220 p. :il 
650 7 |a QUIMICA ORGANICA 
942 |c BK  |2 ddc 
991 |a TEXTO 
999 |c 14074